Easier - 5 Seconds of Summer (All Lyrics) - Statistics

General Stats
  • This quiz has been taken 457 times
  • The average score is 371 of 410
Answer Stats
Easier % Correct
do
100%
easier
100%
easier?
100%
go?
100%
I
100%
Chorus | Intro Is
100%
it
100%
know
100%
stay?
100%
stay
100%
to
100%
don't
99%
when
99%
you
99%
You
99%
wanna
98%
that
96%
never
94%
the
94%
Bridge The
94%
And
93%
ever
93%
we
93%
your
93%
oh
92%
so
92%
change
91%
gonna
91%
love
90%
you're
90%
You're
90%
hate
89%
same
89%
Same
89%
now?
88%
now
88%
beautiful
87%
way
87%
always
86%
Cause
86%
much
86%
But
85%
I'm
85%
other
85%
any
84%
damn
83%
It's
83%
want
82%
Verse 1 Why
82%
in
81%
In
81%
this
81%
all
80%
Right
80%
yeah
79%
Yeah
79%
away?
78%
blame
78%
gotta
78%
run
78%
hard
77%
out
77%
around
76%
friends
76%
we're
76%
thing
75%
work
75%
Work
75%
really
74%
can
73%
like
72%
with
72%
place
71%
for
70%
morning
70%
of
69%
looking
66%
me
66%
up
61%
here
58%
say
57%
best
55%
leave
55%
get
52%
very
50%
air
49%
Air
49%
fall
49%
breathe
48%
Verse 2 Every
48%
wind
47%
time
46%
need
45%
part
45%
only
44%
That's
44%
built
41%
hardest
39%
No matching quizzes found
Score Distribution
Percent of People with Each Score
Percentile by Number Answered
Your Score History
You have not taken this quiz